000 00355nam a2200133Ia 4500
008 240624s9999 xx 000 0 und d
041 _aeng
082 _a201.72 FER
100 _aFERNANDES EDNA
245 _aHOLY WARRIORS A JOURNEY INTO THE HEART O
260 _c2007
_aNew Delhi
_bPenguin Books
300 _axxvi, : 332 : p. : cm. ; 21
365 _cRS
_b20
999 _c7292
_d7292